000 00575nam a2200205Ia 4500
005 20230102150000.0
008 131103s9999 xx 000 0 und d
040 _aLoreto College
041 _aEnglish
082 _a822.09
_bGHO
100 _aGhosh , Prabodh Chandra
245 _aPoetry and religion as drama
_cPrabodh Chandra Ghosh
260 _aCalcutta
_bWorld Press
_c1965
300 _axiii,211 p.
504 _aIncludes biblilgraphical references and index
650 _aEnglish Drama
651 _aDrama - Critical Studies
850 _aLCLIB
942 _cBK
999 _c6695
_d57174